000 00446nam a22001817a 4500
003 Ost
005 20240328113447.0
008 240328b |||||||| |||| 00| 0 eng d
020 _a9789998059184
040 _cBT-PhCST
050 _aD4587-D4590
082 _222
_a808.3
_bKAR
100 _4Karma Yangdon.
245 _aBorn of agony and ecstasy :
260 _aBhutan.
_bBICMA,
_cc2022
300 _av, 185 p. :
_bill. ;
_c18 cm.
942 _2ddc
_cF
999 _c9689
_d9689